Science spaces : architecture & design (Record no. 8046)

000 -LEADER
fixed length control field 00353nam a22001457a 4500
003 - CONTROL NUMBER IDENTIFIER
control field OSt
005 - DATE AND TIME OF LATEST TRANSACTION
control field 20200626160516.0
008 - FIXED-LENGTH DATA ELEMENTS--GENERAL INFORMATION
fixed length control field 200626b ||||| |||| 00| 0 eng d
020 ## - INTERNATIONAL STANDARD BOOK NUMBER
International Standard Book Number 9783866540316
082 ## - DEWEY DECIMAL CLASSIFICATION NUMBER
Classification number 729
Item number LIN
100 ## - MAIN ENTRY--PERSONAL NAME
Personal name Linz, Barbara
245 ## - TITLE STATEMENT
Title Science spaces : architecture & design
260 ## - PUBLICATION, DISTRIBUTION, ETC. (IMPRINT)
Place of publication, distribution, etc New York
Name of publisher, distributor, etc Daab Pub
Date of publication, distribution, etc 2008
942 ## - ADDED ENTRY ELEMENTS (KOHA)
Source of classification or shelving scheme
Holdings
Withdrawn status Lost status Source of classification or shelving scheme Damaged status Koha normalized classification for sorting Not for loan Permanent location Current location Date acquired Full call number Barcode Date last seen Price effective from Koha item type
        729_000000000000000_LIN   BMS College of Architecture, Design and Planning BMS College of Architecture, Design and Planning 2020-06-26 729 LIN AR-UG1606 2020-06-26 2020-06-26 UG Books
Copyright © 2025, The Librarian, Library and Information Centre, BMSCA D&P, Bengaluru. All Rights Reserved
web counter

Powered by Koha